Statistics for NFL Football 2010’s

Click here to take the quiz!

General Stats

  • This quiz has been taken 52 times
  • The average score is 4 of 14

Answer Stats

QuestionAnswer% Correct
Highest Super Bowl Attendance this Decade (Thousands)103
49%
Most points in Super Bowl this decade74
44%
Players Over 10K Receiving Yards This Decade2
41%
Most Points Scored in a game this decade105
39%
Calvin Johnson TD’s This Decade62
34%
Playoff Shutouts this Decade1
29%
NFL player with the most sacks this decadeVon Miller
29%
Which of these players had the most passing yards this decade?Matt Ryan
27%
Most Receiving Touchdowns This DecadeGronkkkkkk
22%
2015 NFL Top 100 WinnerJ.J. Watt
22%
NFL player with the most rushing yards this decade?LeSean Mccoy
20%
Cam Newton Rushing Touchdown Ranking4
17%
Highest PPG in a single season (Broncos)38
12%
Which of these NFL teams has the most wins this decadeBengals
10%

Score Distribution

Percentile by Number Answered

Percent of People with Each Score

Your Score History

You have not taken this quiz